A Guerra de África (1961-1974) (Registo nº 813)

Detalhes MARC
000 -Etiqueta do registo
Cabeçalho 00715nam0a22002891 4500
005 - Identificador da versão
Campo de controlo 20240813121816.0
010 ## - Número internacional normalizado dos livros (ISBN)
Número (ISBN) 9724212270
021 ## - Número do Depósito Legal
Código do país PT
Número 90 177/95
035 ## - Other System Control Numbers
System Control Number 0000883
System Control Number 0000878
System Control Number 0000871
System Control Number 0000859
100 ## - Dados gerais de processamento
Dados gerais de processamento 20080208d1995 a e0pory5003 ba
102 ## - Pais de publicação ou produção
País de publicação Portugal
101 0# - Língua de publicação
Língua do texto, banda sonora, etc. Português
Língua do documento no original Português
106 ## - Campo de dados codificados: material textual
Dados codificados do material textual r
105 ## - Campo de dados codificados: livros
Dados codificados dos livros a z 001yy
215 ## - Descrição física 
Indicação específica da natureza do documento e extensão da espécie 554 p.
Outras indicações físicas ilustrado
Dimensões cm
200 1# - Titulo e menção de responsabilidade
Título próprio A Guerra de África (1961-1974)
Primeira menção de responsabilidade José Freire Antunes
225 2# - Colecção 
Título próprio da colecção Grandes Temas da Nossa História
205 ## - Menção da edição
Menção da edição 1ª edição
210 ## - Publicação, Distribuição, etc. 
Lugar da edição, distribuição, etc. Lisboa
Nome do editor, distribuidor, etc. Círculo de Leitores
Data da publicação, distribuição, etc. 1995
966 ## - Identificação da Biblioteca
Sigla NUMETECA
942 ## - Elementos de entrada adicionados (Koha)
Tipo de item no Koha Livro
Exemplares
Situação do levantamento Origin of item (home branch) (coded) Biblioteca de empréstimo Código de barras Cota Circulation type (not for loan) Tipo de documento Nota do exemplar Damaged status
  Biblioteca Escolar Eng. Nuno Mergulhão Biblioteca Escolar Eng. Nuno Mergulhão BENM1281 9PT ANT   Livro Sem mensagem  
  Biblioteca Escolar Eng. Nuno Mergulhão Biblioteca Escolar Eng. Nuno Mergulhão BENM1282 9PT ANT   Livro Sem mensagem